000
00315nam a22001217a 4500
020
_a
0-8273-2685-8
082
_a
808.066 PHI'T
100
_a
PHILBIN, A. I , PRESLEY, J. W
_9
65431
245
_a
TECHNICAL WRITING , METHODS APPLICATION AND MANAGEMENT
260
_a
USA
_b
DELMER
_c
1989
300
_a
547P
942
_c
BK
999
_c
573643
_d
573643